| Поле | Название | Значение |
| |
Тип записи |
c |
| |
Библиографический уровень |
m |
| 001 |
Контрольный номер |
RU/УОНБ/EK_N/369827356 |
| 005 |
Дата корректировки |
20241129155120.0 |
| 010 |
Индекс ISBN |
__ |
| 9 |
Тираж |
100 экз. |
| 013 |
Номер (ISMN) |
__ |
| a |
Номер (ISMN) |
978-5-9720-0012-8 |
| d |
Цена |
87 р. 75 к. |
| 071 |
Издательские номер (звукозапись и ноты) |
21 |
| a |
Номер, присвоенный агентством |
0008 |
| 100 |
Данные общей обработки |
__ |
| a |
Данные общей обработки |
20110920d2009 u y0rusy0189 ca |
| 101 |
Язык документа |
0_ |
| a |
Язык текста |
rus |
| f |
Язык титульного листа |
rus |
| 102 |
Страна публикации |
__ |
| a |
Страна публикации |
RU |
| 125 |
Кодированные данные звукозаписи и нотных изданий |
__ |
| a |
Форма изложения нотного текста |
с| |
| 128 |
Кодированные данные (звукозаписи-физические характеристики) |
__ |
| a |
Кодированные данные: Музыкальная форма и тональность или лад |
zz |
| c |
Инструменты или голоса, рекомендуемые для солистов (устаревшее) |
ka|| |
| 200 |
Заглавие и сведения об ответственности |
1_ |
| a |
Заглавие |
Вып. 1 |
| 210 |
Выходные данные |
1_ |
| d |
Дата издания |
2009 |
| 215 |
Физическое описание |
__ |
| a |
Объем |
24 c. |
| 300 |
Общие примечания |
__ |
| a |
Общие примечания |
Загл. и текст парал. рус., англ. |
| 327 |
Примечание о содержании |
11 |
| a |
Примечание о содержании |
Содерж.: Ребиков В. Мазурка. - Пахульский Г. Прелюдия. - Копылов А. Листок из альбома. - Ильинский А. Колыбельная. - Аренский А. Экспромт : ор. 25 № 1. - Рахманинов С. Мелодия : ор. 3 № 3. |
| 461 |
Уровень набора |
_0 |
| 1 |
|
001RU/УОНБ/EK_N/369826258 |
| 1 |
|
200 |
| a |
|
Русская фортепианная музыка |
| b |
|
[Ноты] |
| d |
|
Russian piano music |
| v |
|
Вып. 1 |
| 1 |
|
210 |
| a |
|
М. |
| c |
|
П. Юргенсон |
| d |
|
2009 |
| 464 |
Аналитический уровень |
_0 |
| 1 |
|
2001 |
| a |
|
Мазурка |
| 1 |
|
700 1 |
| a |
|
Ребиков |
| b |
|
В. |
| 4 |
|
230 |
| 464 |
Аналитический уровень |
_0 |
| 1 |
|
2001 |
| a |
|
Прелюдия |
| 1 |
|
700 1 |
| a |
|
Пахульский |
| b |
|
Г. |
| 4 |
|
230 |
| 464 |
Аналитический уровень |
_0 |
| 1 |
|
2001 |
| a |
|
Листок из альбома |
| 1 |
|
700 1 |
| a |
|
Копылов |
| b |
|
А. |
| 4 |
|
230 |
| 464 |
Аналитический уровень |
_0 |
| 1 |
|
2001 |
| a |
|
Колыбельная |
| 1 |
|
700 1 |
| a |
|
Ильинский |
| b |
|
А. |
| 4 |
|
230 |
| 464 |
Аналитический уровень |
_0 |
| 1 |
|
2001 |
| a |
|
Экспромт |
| e |
|
ор. 25 № 1 |
| 1 |
|
700 1 |
| a |
|
Аренский |
| b |
|
А. |
| 4 |
|
230 |
| 464 |
Аналитический уровень |
_0 |
| 1 |
|
2001 |
| a |
|
Мелодия |
| e |
|
ор. 3 № 3 |
| 1 |
|
700 1 |
| a |
|
Рахманинов |
| b |
|
С. |
| 4 |
|
230 |
| 512 |
Заглавие обложки |
1_ |
| a |
Заглавие обложки |
Русская фортепианная музыка |
| 606 |
Тематические рубрики |
0_ |
| a |
Основная рубрика |
Фортепианная музыка русская |
| 610 |
Ключевые слова |
0_ |
| a |
Ключевые слова |
фортепиано |
| 686 |
Индексы других классификаций |
__ |
| a |
Классификационный индекс |
85.954.2-058.8я43 |
| 2 |
Код системы |
rubbk |
| 801 |
Источник записи |
_0 |
| a |
Страна |
RU |
| b |
Организация |
Ульяновская ОНБ |
| c |
Дата составления |
20110920 |
| g |
Правила каталогизации |
RCR |
| 801 |
Источник записи |
_1 |
| a |
Страна |
RU |
| b |
Организация |
Ульяновская ОНБ |
| c |
Дата составления |
20110920 |
| g |
Правила каталогизации |
RCR |
| 901 |
Тип документа |
__ |
| t |
Тип документа |
n |
| w |
Контрольный № источника |
RU/УОНБ/EK_N/369826258 |
| 909 |
Создатель записи |
__ |
| a |
Создатель записи |
Никитина Т. А. |